=LDR 00000nam 2200000 4500 =001 NUTBA000000000001930 =990 ##$$a 21108786 =005 20200210111119 =990 ##$$a 21118785 =035 ##$$a 0010-051400000000395 =008 200210################g##########0#ind## =020 ##$$a 978-602-8759-08-3 =082 ##$$a 005.7 =090 ##$$a 005.7-Ros-m =100 ##$$a Rosa A. S. =245 1#$$a Modul Pembelajaran Struktur Data /$c Rosa A.S., M. Salahuddin =260 ##$$a Bandung :$b Modula,$c 2010 =300 ##$$a xii,296 hlm : $b ilus ; $c 23 x 17 cm =084 ##$$a 005.7 ROS m =650 #4$$a Aplikasi Komputer =700 #$$a M. Salahuddin =990 ##$$a 21108786 =990 ##$$a 211108785 =990 ##$$a 211108785 =990 ##$$a 21108786 =990 ##$$a 21118785 =990 ##$$a 08280828 =990 ##$$a 21108786 =990 ##$$a 21118785